000 00760nam a2200253Ia 4500
003 OSt
005 20221005092555.0
006 a|||||r|||| 00| 0
007 ta
008 221004b |||||||| |||| 00| 0 eng d
020 _a0415939194
024 _a76562
037 _cTextual
040 _aCRL
_cCRL
_beng
041 _2eng
_aeng
082 _aY:351.49Gk, P3
100 _aMills Margaret A. and others Ed.
_9617529
245 0 _aSouth Asian folklore an encyclopedia
_b Afghanistan, Bangladesh, India, Nepal, Pakistan, Sri Lanka
260 _aNew York
_bRoutledge USA
_c2003
300 _a710p.
_ccm.
650 _aSOCIOLOGY
942 _hY:351.49Gk, P3
_cTEXL
_2cc
999 _c999057
_d999057